ARRUPE JESUIT UNIVERSITY

CORONAVIRUS -STOP THE SPREAD - CLEAN,DISINFECT,COVER

The cost of certainty : (Record no. 122886)

MARC details
000 -LEADER
fixed length control field 00790cam a2200241Ia 4500
001 - CONTROL NUMBER
control field 5028105
005 - DATE AND TIME OF LATEST TRANSACTION
control field 20170314093709.0
008 - FIXED-LENGTH DATA ELEMENTS--GENERAL INFORMATION
fixed length control field 041122s2004 enk b 001 0 eng d
020 ## - INTERNATIONAL STANDARD BOOK NUMBER
International Standard Book Number 0232525803
035 ## - SYSTEM CONTROL NUMBER
System control number (OCoLC)ocm56983275
035 ## - SYSTEM CONTROL NUMBER
System control number (NNC)5028105
040 ## - CATALOGING SOURCE
Original cataloging agency EMT
Transcribing agency EMT
Modifying agency OCLCQ
050 #4 - LIBRARY OF CONGRESS CALL NUMBER
Classification number BF51
Item number .Y68 2004
100 1# - MAIN ENTRY--PERSONAL NAME
Personal name Young, Jeremy.
9 (RLIN) 18001
245 14 - TITLE STATEMENT
Title The cost of certainty :
Remainder of title How religious conviction betrays the human psyche /
Statement of responsibility, etc Jeremy Young.
260 ## - PUBLICATION, DISTRIBUTION, ETC. (IMPRINT)
Place of publication, distribution, etc London :
Name of publisher, distributor, etc Darton, Longman and Todd,
Date of publication, distribution, etc 2004.
300 ## - PHYSICAL DESCRIPTION
Extent vii, 191 p. ;
Dimensions 22 cm.
504 ## - BIBLIOGRAPHY, ETC. NOTE
Bibliography, etc Includes bibliographical references (p. 180-184) and index.
650 #0 - SUBJECT ADDED ENTRY--TOPICAL TERM
Topical term or geographic name as entry element Christianity
General subdivision Psychology
9 (RLIN) 18002
650 #0 - SUBJECT ADDED ENTRY--TOPICAL TERM
Topical term or geographic name as entry element Polarity
9 (RLIN) 7889
General subdivision Religious Aspects
-- Christianity
650 #0 - SUBJECT ADDED ENTRY--TOPICAL TERM
Topical term or geographic name as entry element Uncertainity
General subdivision Religious Aspects
-- Christianity
9 (RLIN) 18007
942 ## - ADDED ENTRY ELEMENTS (KOHA)
Source of classification or shelving scheme Library of Congress Classification
Item type Monograph ( Printed materials)
Holdings
Withdrawn status Lost status Source of classification or shelving scheme Damaged status Not for loan Collection code Home library Current library Shelving location Date acquired Total Checkouts Full call number Barcode Date last seen Price effective from Koha item type
    Library of Congress Classification     Main Collection ARRUPE LIBRARY ARRUPE LIBRARY Main Collection 14/03/2017   BR110.Y68 2005 46500025552 14/03/2017 14/03/2017 Monograph ( Printed materials)

 

Arrupe Library. PO Box MP320 Mt Pleasant, Harare, Zimbabwe
263 242 745411|librarian@aju.ac.zw